|
|
|
|
| LEADER |
00000nab a2200000uu 4500 |
| 001 |
vtls011139544 |
| 003 |
SK-MaSNL |
| 005 |
20260303125655.0 |
| 008 |
230218|2010 xo |||||||||||||||||cze| |
| 015 |
|
|
|a SNBRB
|
| 035 |
|
|
|a (urnnbn)urn:nbn:sk:snk:ar-007wxx
|
| 035 |
|
|
|a (uuid)8a40f105-66be-4591-b03f-5a9f67cca9a8
|
| 035 |
|
|
|a urn:nbn:sk:snk-abarop
|
| 040 |
|
|
|a SNKBUCL
|b slo
|c SNKBUCL
|e AACR2
|
| 041 |
0 |
|
|a cze
|
| 044 |
|
|
|a xo
|c SK
|
| 100 |
1 |
|
|a Vetchý, D.
|4 aut
|9 1144498
|
| 245 |
1 |
0 |
|a Řízené uvolňování léčiv z lékových forem obalených vodnými celulosovými a akrylátovými polymerními disperzemi
|c D. Vetchý, H. Leštinová
|
| 700 |
1 |
|
|a Leštinová, H.
|4 aut
|9 1144499
|
| 773 |
0 |
|
|t Česká a slovenská farmacie : časopis České farmaceutické společnosti a Slovenské farmaceutické společnosti
|g Roč. 59, č. 4 (2010), s. 163-171
|
| 954 |
|
|
|a odborná, vedecká literatúra cudzojazyčná (svetová)
|2 lita
|
| 958 |
|
|
|a OND
|
| 958 |
|
|
|a EUIPO
|
| 958 |
|
|
|a article14
|
| 999 |
|
|
|c 1935713
|d 1937643
|